00687cam a2200217 450000100060000000300080000600500170001400800390003103500190007004000320008904100080012108200230012910000290015224500470018126000420022830000210027050000280029150400500031965100420036965100580041126652BD-RjUL20211209051040.0140323r19681925nyu b 001 0 eng a(BD-RjUL)26722 aDLCcDLCdDLCdBD-RjULbeng aeng00a945.5106bROL 19681 aRoth, Cecil,d1899-1970.14aThe last Florentine republic /cCecil Roth aNew York :bRussell & Russell,c1968. a388 p. ;c25 cm. aReprint of the 1925 ed. aIncludes bibliographical references and index 0aFlorence (Italy)xHistoryy1421-1737. 0aFlorence (Italy)xPolitics and governmenty1421-1737.